The Oprah Winfrey show : (Record no. 530028)

000 -LEADER
fixed length control field 01068cam a2200301 a 4500
001 - CONTROL NUMBER
control field 16909267
003 - CONTROL NUMBER IDENTIFIER
control field NUST
005 - DATE AND TIME OF LATEST TRANSACTION
control field 20191008153144.0
008 - FIXED-LENGTH DATA ELEMENTS--GENERAL INFORMATION
fixed length control field 110808s2011 nyua 000 0 eng
010 ## - LIBRARY OF CONGRESS CONTROL NUMBER
LC control number 2011033057
020 ## - INTERNATIONAL STANDARD BOOK NUMBER
International Standard Book Number 9781419700590
038 ## - RECORD CONTENT LICENSOR
Staff Name waseem
040 ## - CATALOGING SOURCE
Original cataloging agency DLC
Transcribing agency DLC
Modifying agency DLC
042 ## - AUTHENTICATION CODE
Authentication code pcc
043 ## - GEOGRAPHIC AREA CODE
Geographic area code n-us---
050 00 - LIBRARY OF CONGRESS CALL NUMBER
Classification number PN1992.77.O68
Item number D38 2011
082 00 - DEWEY DECIMAL CLASSIFICATION NUMBER
Classification number 791.45028092
Author Mark DAV
100 1# - MAIN ENTRY--PERSONAL NAME
Personal name Davis, Deborah,
Dates associated with a name 1952-
9 (RLIN) 23328
245 14 - TITLE STATEMENT
Title The Oprah Winfrey show :
Remainder of title reflections on an American legacy /
Statement of responsibility, etc. by Deborah Davis.
260 ## - PUBLICATION, DISTRIBUTION, ETC.
Place of publication, distribution, etc. New York :
Name of publisher, distributor, etc. Abrams,
Date of publication, distribution, etc. c2011.
300 ## - PHYSICAL DESCRIPTION
Extent 1 v. (unpaged) :
Other physical details color illustrations ;
Dimensions 35 cm
600 10 - SUBJECT ADDED ENTRY--PERSONAL NAME
Personal name Winfrey, Oprah.
9 (RLIN) 23329
630 00 - SUBJECT ADDED ENTRY--UNIFORM TITLE
Uniform title Oprah Winfrey show (Television program)
9 (RLIN) 23330
650 #0 - SUBJECT ADDED ENTRY--TOPICAL TERM
Topical term or geographic name entry element Television personalities
Geographic subdivision United States
Form subdivision Biography.
9 (RLIN) 23331
906 ## - LOCAL DATA ELEMENT F, LDF (RLIN)
a 7
b cbc
c orignew
d 1
e ecip
f 20
g y-gencatlg
942 ## - ADDED ENTRY ELEMENTS (KOHA)
Source of classification or shelving scheme
Koha item type Book
Holdings
Withdrawn status Lost status Source of classification or shelving scheme Damaged status Not for loan Permanent Location Current Location Date acquired Source of acquisition Full call number Barcode Date last seen Price effective from Koha item type
          Central Library (CL) Central Library (CL) 10/08/2019 Donation 791.45028092 DAV CL-D-643 10/08/2019 10/08/2019 Reference
© 2023 Central Library, National University of Sciences and Technology. All Rights Reserved.